000
00364nam a2200157Ia 4500
008
151213s9999 xx 000 0 und d
100
_a
G.Tillotson
245
_a
The Rape of the Lock
_c
G.Tillotson
250
_a
1st
260
_a
Delhi
_b
A.I.T.B.S
_c
2005
300
_a
2532 p.
650
_a
English
650
_a
English
700
_a
G.Tillotson
999
_c
1715
_d
1715